000 00998nmm a2200301 a 4500
001 ocm0001512282
003 TR-IsHL
005 20201028165153.0
008 160220s2010 tu tur
007 cr cn
020 _a9786054334032
035 _a1512282
_b(N$T)
050 0 4 _aHD846.5
_b.K55 2010
090 0 4 _aHD846.5
_b.K55 2010
100 1 _aKılıçbay, Mehmet Ali
245 1 0 _aFeodalite ve klasik dönem Osmanlı üretim tarzı
_h[electronic resource] /
_cMehmet Ali Kılıçbay
250 _a3. basım
260 _aAnkara :
_bEfil Yayınevi,
_c2010
300 _a354 p.
650 4 _aEkonomi ve Finans
650 4 _aEconomics and Finance
650 0 _aFeodalizm
_x Türkiye
650 0 _aFeudalism
_x Turkey
650 0 _aÜretim(Ekonomi teorisi)
650 0 _aProduction(Economic theory)
650 7 _aBUSINESS & ECONOMICS / Industrial Management
_2bisacsh
856 4 0 _uhttp://search.ebscohost.com/login.aspx?direct=true&scope=site&db=e011xww&AN=1512282
999 _c15804
_d15804